Dokumentácia. Metódy analýzy dokumentov, určenie ich tém a výber indexačných termínov : STN ISO 5963
Uložené v:
| Médium: | Kniha |
|---|---|
| Jazyk: | Slovak |
| Vydavateľské údaje: |
Bratislava :
Slovenský ústav technickej normalizácie,
1997
|
| Tagy: |
Žiadne tagy, Buďte prvý, kto otaguje tento záznam!
|
MARC
| LEADER | 00000nam a22000003a 4500 | ||
|---|---|---|---|
| 001 | 0108605 | ||
| 003 | SK-STU | ||
| 005 | 20240305132512.9 | ||
| 007 | ta | ||
| 008 | 240305s ----xo-----e------000-0-----d | ||
| 040 | |a STU |b slo | ||
| 041 | 0 | |a slo | |
| 044 | |a xo | ||
| 245 | 1 | 0 | |a Dokumentácia. Metódy analýzy dokumentov, určenie ich tém a výber indexačných termínov : |b STN ISO 5963 |
| 260 | |a Bratislava : |b Slovenský ústav technickej normalizácie, |c 1997 | ||
| 300 | |a 12 s. | ||
| 996 | |b 284EO00620 |c E*O-620 |l EE0101 |s P |a 0 |w 0108605_0001 | ||